000 00298nam a2200109Ia 4500
008 200302s9999 xx 000 0 und d
100 _aJoshua Bolchover and Others
245 _aDesigning the rural A Global countryside in flux
260 _bJohn Willey and sons, Inc
260 _c2015
300 _a136
999 _c5943
_d5943